Statistiken für Forenzitate

Klicken Sie hier um das Quiz zu spielen!

Allgemein

  • Dieses Quiz wurde 5 mal gespielt
  • Das Durchschnittsergebnis liegt bei 25 aus 30

Antwortstatistiken

ZitatBenutzer% Korrekt
Ich hoffe, dass die große Fischdame in der 11. Staffel einen weiteren Auftritt haben wird.Agentfabi
100%
… wurde mir angezeigt, dass die Domain jetzt registriert ist, aber noch keine Inhalte da sind.Aku
100%
Dann erinnerte sich SpongeBob, wie er zum ersten Mal einen verschwitzten Handschuh trug. Okay.Chrdrenkmann
100%
Rankings gerankt!
1. Videospielreihen gerankt! (7/10)
2. Serien gerankt! (5/10)
3. Christopher Nolan Filme gerankt! (3/10)
Danny8247
100%
Nekrophilie ist bei weitem nicht so schlimm, wie es sonst immer dargestellt wird.dezIsNosredna
100%
In den Geschichten gab es auch geistreiche Dialoge wie „Woahw, FUßBALL!!!!“ oder „Wenn ich dich noch einmal beim Wichsen erwische, dann schneide ich dir die Nüsse ab!“. Wie will man denn damit unheimliche Stimmung kreieren?Dr. Peter Lankton
100%
Hebräisch hier, Hebräisch da, Hebräisch überall! Da wird man ja behindert beim Lesen!Extramaster
100%
Germanwings-Absturz in den Alpen
Dieses schlimme Ereignis liegt zwar schon einige Monate zurück, dennoch möchte ich etwas dazu schreiben. Mich hat es sehr bedrückt und traurig gemacht. Mir fehlen da wirklich noch die Worte...
Krosso
100%
Mir wurscht. Doppelaccounts sind jedenfalls nicht lustig.Lord3d
100%
Ich les gern das Micky Maus Magazin und den Bussi Bär.Rechtus
100%
Ich habe heute und in den letzten Wochen wiederholt mit eigenen Ohren gehört, wie er sich über den Geschmack von weißer Schokolade beschwerte und sagte er möge die absolute Göttlichkeit der Serie "Angelo" nicht.reschif
100%
It's invasion of the faux-chovies when everyone in Bikini Bottom suddenly starts leeting!SchwammBob Spongekopf
100%
Namen, die ich nicht mag: Lukas, Marco, Jonas, Dennis, Yunus, Danny, Alexander, Andrej, Robert, Daniela, Christos, Marvin, Christopher, Philip, Pascal, Jan, Annerose, Tina, Tom, Kevin, Yanik und RuptureFarms.streberino
100%
Hallo SpongeForum xD Hier meine neue Fangeschichte, ich hoffe ihr mögt sie:
"Es war einmal ein hässlicher Blaubarsch . Der war so hässlich; dass alle gestorben sind."
Ente - nee äh ich meine Ende
Teewurst
100%
Und btw, weiß jemand ob Vuvuzelas dieses Mal zugelassen sind?Yanni Hendrix
100%
Was ich bei so Sendungen immer extrem lustig finde, ist wie viel man am Ende "gratis" bekommt. Gleich 3 Pfannen statt einer + den Super Spezialdeckel Ultra 5000 + ein Kochbuch UND WENN SIE GLEICH ANRUFEN GIBTS GUTSCHEINE FÜR DEN PUFF HAUPTSACHE SIE RUFEN JETZT GEFÄLLIGST AN.CaptainOlimar
80%
Der liebe Pascal (TaddäusTeewurst oder so) hat mich und meine Freundinnen hierher geführt. :3
Ich bin gerne für Spaß zu haben (Hr, ihr wisst schon. :3) und gucke gerne Animes und Mangas. < 3
Freut mich euch alle kennenzulernen, nennt mich doch Fenny. ; )
HeißeFrauMitDemFöhn
80%
FIQQLARRY VON STEEL SAMMA HAT MAN DICH IN PFERDESPERMA ERTRÄNKT ODER WAT
Holländer70
80%
Die Ultimative Chart Show, in dieser Sendung zeigen sie die 100 besten Fahrstuhlmusik oder die besten Hits zum kacken im Klo.Jenny_Schwammkopf
80%
Sein bekannter Spruch: „Geht das nicht lauter?“ wurde zur Ikone des Kinderfernsehens. Der unterbewertetste Charakter in der Geschichte von SpongeBob.JumanjiJumanji
80%
Ich bin natürlich reinrassig, was anderes hat hier auch nichts zu suchen!Looki
80%
Der BLANKE HORROR!
Früher hatte ich immer Bammel vor dem Zerhacker! Tolle Mischung aus Horror und Humor! Der Auftritt von Nosferatu war echt cool!
Note 1
Mr. Steelfan
80%
als ihr jünger wart
Ach menno, schon wieder ein Thread, bei dem ich nicht mitmachen kann...
Myotis
80%
Gegen die Islamisierung Europas muss man jede Kraft einsetzen, die man hat! Egal ob es Nazis sind. Terror bekämpft man nur mit Terror Bild entfernt.Psaky
80%
Penisbutter - jetzt mit 10% Lätta!Quatschtütenwürger
80%
Da Nosredna und ich als die Shitposter bekannt sind, haben wir uns zur Aufgabe gemacht die spiciest Memes zu jagen und sie im SpongeForum einzusetzen.Bubbles
60%
Ich habe zum Beispiel heute gelesen, dass es den Staat Jugoslawien nicht mehr gibt. Schon seit 2003.LargeStupidity
60%
Zuerst hieß er Paddyn5, dann Gamy und jetzt dezIsNosredna. Echt unheimlich. Er schickt immer so Horror Bilder von sich selbst.DasGras
40%
Ich war im Schlafzimmer (Mit dem Wohnzimmer verbunden) am Windows XP meiner Eltern und habe etwas Plants vs Zombies gespielt. Als ich ausgemacht habe kam eine Virusmeldung auf der ein kleiner Zecken-Icon abgebildet war mit dem Text natürlich, aber anstatt dass der normale Piepston kommt, kam ein Schrei wie beim Scary Maze Game.LordDark1708
40%
Die komplette Final Destination-Reihe. Ich bin kein Fan von solchen Thrillern. Sie versuchen immer, die Menschen um sich herum nicht abzukratzen zu lassen, es sterben aber trotzdem alle grausam (manchmal sogar auf bizarre und absurde Art und Weise).SpongeBobFan73
20%

Verteilung der Resultate

Perzentil nach korrekt beantworteten Fragen

Anzahl Personen mit jedem Resultat

Ihre Resultats-Entwicklung

Sie haben dieses Quiz noch nicht gespielt